000 00509nam a2200169Ia 4500
008 090711s9999 xx 000 0 und d
082 _b64241
100 _aलिंबाळे शरणकुमार
245 _aदलित पँथर
260 _c1989
300 _a272
600 _aलिंबाळे शरणकुमार
630 _aदलित पँथर
700 _aलिंबाळे शरणकुमार
730 _aदलित पँथर
942 _cBOOK
999 _c294571
_d294571